Nghiệp vụ lễ tân khách sạn Biên soạn từ Hội thi Lễ tân khách sạn ngành du lịch

Nhân viên lế tân khách sạn là người đầu tiên và là người cuối cùng đại diện khách sạn đón, tiếp xúc và tiễn khách; người đóng vai trò quan trọng trong việc giới thiệu, quảng bá khách sạn, thu hút và lưu giữu khách....

وصف كامل

محفوظ في:
التفاصيل البيبلوغرافية
التنسيق: كتاب
اللغة:Vietnamese
منشور في: H. Hà Nội 2002
الموضوعات:
الوسوم: إضافة وسم
لا توجد وسوم, كن أول من يضع وسما على هذه التسجيلة!
Thư viện lưu trữ: Thư viện Trường Đại học Nam Cần Thơ
LEADER 01080nam a22001817a 4500
001 NCT_4_002191
008 231219b xxu||||| |||| 00| 0 vie d
999 |c 7971  |d 7971 
020 |c 24000 
082 0 4 |2 23rd ed.  |a 647.94  |b Ngh307V 
245 0 0 |a Nghiệp vụ lễ tân khách sạn  |b Biên soạn từ Hội thi Lễ tân khách sạn ngành du lịch 
260 |a H.  |b Hà Nội  |c 2002 
300 |a 220tr.  |c 21 cm 
520 3 |a Nhân viên lế tân khách sạn là người đầu tiên và là người cuối cùng đại diện khách sạn đón, tiếp xúc và tiễn khách; người đóng vai trò quan trọng trong việc giới thiệu, quảng bá khách sạn, thu hút và lưu giữu khách. 
653 |a Quản trị Dịch vụ Du lịch và Lữ hành 
942 |2 ddc  |c BK 
952 |0 0  |1 0  |2 ddc  |4 0  |6 647_940000000000000_NGH307V  |7 0  |9 28330  |a 000001  |b 000001  |d 2023-12-19  |o 647.94 Ngh307V  |p MD.22060  |r 2023-12-19  |v 24000.00  |w 2023-12-19  |y BK 
980 |a Thư viện Trường Đại học Nam Cần Thơ